000 00475nam a2200145 a 4500
001 000031183
005 20200930062746.0
008 110614s1942 dr 000 0 spa d
040 _aDO-SdBNP
_bspa
_cBNPHU
100 1 _aPeña Batlle, Manuel A.
_954091
245 1 0 _aContribución a una campaña :
_bcuatro discursos políticos /
_cManuel A. Peña Batlle.
260 _aSantiago República Dominicana :
_bEditora el Diario,
_c1942.
300 _a47 p. ;
_c23 cm.
049 _aBNPD
999 _c30675
_d30675